LEADER 01729oam 2200457zu 450 001 996206428303316 005 20210807000336.0 035 $a(CKB)1000000000022858 035 $a(SSID)ssj0000394352 035 $a(PQKBManifestationID)12120548 035 $a(PQKBTitleCode)TC0000394352 035 $a(PQKBWorkID)10387915 035 $a(PQKB)11088564 035 $a(EXLCZ)991000000000022858 100 $a20160829d2003 uy 101 0 $aeng 181 $ctxt 182 $cc 183 $acr 200 10$aDIPED-2003 : proceedings of VIIIth International Seminar/Workshop on Direct and Inverse Problems of Electromagnetic and Acoustic Wave Theory : Lviv, September 23-5, 2003 210 31$a[Place of publication not identified]$cPidstryhach Institute of Applied Problems of Mechanics and Mathematics NASU$d2003 300 $aBibliographic Level Mode of Issuance: Monograph 311 $a966-02-2888-0 606 $aElectromagnetic waves$vCongresses 606 $aSound-waves$vCongresses 606 $aPhysics$2HILCC 606 $aElectricity & Magnetism$2HILCC 606 $aPhysical Sciences & Mathematics$2HILCC 615 0$aElectromagnetic waves 615 0$aSound-waves 615 7$aPhysics 615 7$aElectricity & Magnetism 615 7$aPhysical Sciences & Mathematics 676 $a537/.12 712 02$aInstytut prykladnykh problem mekhaniky i matematyky im. I?A.S. Pidstryhacha 712 12$aInternational Seminar/Workshop on Direct and Inverse Problems of Electromagnetic and Acoustic Wave Theory 801 0$bPQKB 906 $aPROCEEDING 912 $a996206428303316 996 $aDIPED-2003 : proceedings of VIIIth International Seminar$92510419 997 $aUNISA LEADER 01382nas 2200445- 450 001 9910353358803321 005 20260218112854.0 011 $a2624-7402 035 $a(OCoLC)1112849068 035 $a(CKB)4100000006459455 035 $a(CONSER)--2020269197 035 $a(MiFhGG)52R4 035 $a(DE-599)ZDB2946408-0 035 $a(DE-599)2946408-0 035 $a(EXLCZ)994100000006459455 100 $a20181023a20189999 s-- - 101 0 $aeng 135 $aur||||||||||| 181 $ctxt$2rdacontent 182 $cc$2rdamedia 183 $acr$2rdacarrier 200 00$aAgriEngineering 210 1$aBasel, Switzerland :$cMDPI,$d[2018]- 300 $aOnline version available (unrestricted access). 300 $aRefereed/Peer-reviewed 606 $aAgriculture$xResearch$vPeriodicals 606 $aHorticulture$xResearch$vPeriodicals 606 $aHorticulture$xResearch$2fast$3(OCoLC)fst00960819 606 $aAgriculture$xResearch$2fast$3(OCoLC)fst00801593 608 $aPeriodicals.$2fast 608 $aPeriodicals.$2lcgft 615 0$aAgriculture$xResearch 615 0$aHorticulture$xResearch 615 7$aHorticulture$xResearch. 615 7$aAgriculture$xResearch. 712 02$aMultidisciplinary Digital Publishing Institute, 906 $aJOURNAL 912 $a9910353358803321 996 $aAgriEngineering$92126146 997 $aUNINA